Normal view
MARC view
Entry Topical Term
001 - CONTROL NUMBER
- control field: 6318
003 - CONTROL NUMBER IDENTIFIER
- control field: BD-RjUL
005 - DATE AND TIME OF LATEST TRANSACTION
- control field: 20221213151725.0
008 - FIXED-LENGTH DATA ELEMENTS
- fixed length control field: 221213|| aca||aabn | a|a d
040 ## - CATALOGING SOURCE
- Original cataloging agency: BD-RjUL
- Transcribing agency: BD-RjUL
150 ## - HEADING--TOPICAL TERM
- Topical term or geographic name entry element: Water pollution
- Form subdivision: Other social problems and services
670 ## - SOURCE DATA FOUND
- Source citation: Work cat.: (BD-RjUL)80967: Rahman, Md. Safiur 6317, Investigation on the status of pollution around the EPZ (Dhaka) area with special Reference to Its impact on Fisheries in Banshi River /, 2004